000
00301nam a22001337a 4500
008
171020b xxu||||| |||| 00| 0 eng d
020
_a
9780787987992
041
_a
eng
080
_2
4 ED
_a
338
100
_a
54
101
_a
MEN
245
_a
REFRAMING ORGANIZATIONS
_c
BOLMAN.L.G
942
_2
udc
_c
BK
999
_c
35046
_d
35046